000 00192 a2200097 4500
020 _a9780679843658
041 _aeng
100 _aAwdry, W
245 _aThomas and the school trip
942 _cBK
999 _c31675
_d31673